Normal view
MARC view
Entry Personal Name
001 - CONTROL NUMBER
- control field: 7440
003 - CONTROL NUMBER IDENTIFIER
- control field: OSt
005 - DATE AND TIME OF LATEST TRANSACTION
- control field: 20211028144117.0
008 - FIXED-LENGTH DATA ELEMENTS
- fixed length control field: 211028|| aca||aabn | a|a d
040 ## - CATALOGING SOURCE
- Original cataloging agency: OSt
- Transcribing agency: OSt
100 ## - HEADING--PERSONAL NAME
- Personal name: Anusha, B C; Dias, Beena.
- Miscellaneous information: 1416017
670 ## - SOURCE DATA FOUND
- Source citation: Work cat.: (OSt): Anusha, B C; Dias, Beena. 1416017, Study on performance appraisal as a tool for organizational development at Big Bazaar Bangalore., 2016